LEADER 00865nam a2200229 i 4500 001 000000086366 003 CaOOAMICUS 005 20180830150008.0 008 180830s1979 xx u000 u und u 013 $a58606 040 $aSeMil$bita 100 1 $aMcLuhan, Marshall <1911-1980>.$0(OLS)http://semarc/name/25554 245 14$aGli strumenti del comunicare. 260 $aMilano :$bIl Saggiatore,$c1979. 300 $a383 p. 650 4$aLinguaggio.$0(OLS)http://semarc/subject/12730 650 4$aComunicazione.$0(OLS)http://semarc/subject/2423 650 4$aCultura.$0(OLS)http://semarc/subject/5616 850 $aSeMil 852 $aSeMil$W1$xVenegono$y1$m68 2 7 *$j50078$B50078$CSeMilBibl$Z2$F53965 $81 996 $6245$aGli strumenti del comunicare$9(OLS)http://semarc/title/132706 996 $6260$aMilano :$bIl Saggiatore$9(OLS)http://semarc/publisher/30255 LEADER 01120nam a2200265 i 4500 001 000000127405 003 CaOOAMICUS 005 20070321000000.0 008 070321s2001 it u000 u ita u 013 $a100115 020 $a88-8369-077-X 040 $aSeMil$bita 100 1 $aCentro Sportivo Italiano.$0(OLS)http://semarc/name/53000 245 10$aProgetto culturale sportivo del Centro Sportivo Italiano /$cCentro Sportivo Italiano. 260 $aRoma :$bAranblu,$cstampa 2001. 300 $a143 p. ;$c21 cm. 500 $aManca il frontespizio. - Titolo preso dalla copertina. - Fondo Card. C.M. Martini. 650 4$aCentro Sportivo Italiano .$0(OLS)http://semarc/subject/20501 850 $aSeMil 852 $aSeMil$W1$xVenegono$y1$m2F III 607$j81708$B81708$CSeMilBibl$Z2$F122348 $81 941 1 $a4 961 $aOmaggio: Martini Card. Carlo Maria 996 $6020$a88-8369-077-X$9(OLS)http://semarc/number/113833 996 $6245$aProgetto culturale sportivo del Centro Sportivo Italiano$9(OLS)http://semarc/title/188040 996 $6260$aRoma :$bAranblu$9(OLS)http://semarc/publisher/46532